LEADER 01907nam 2200505Ia 450 001 9910698070503321 005 20090210084649.0 035 $a(CKB)5470000002394296 035 $a(OCoLC)302340056 035 $a(EXLCZ)995470000002394296 100 $a20090210d1989 ua 0 101 0 $aeng 181 $ctxt$2rdacontent 182 $cc$2rdamedia 183 $acr$2rdacarrier 200 10$aScaling effects in the static large defelction [i.e. deflection] response of graphite-epoxy composite beams$b[electronic resource] /$fKaren E. Jackson, Edwin L. Fasanella 210 1$aHampton, Va. :$cNational Aeronautics and Space Administration, Langley Research Center :$cUS Army Aviation Systems Command, Aviation R&T Activity,$d[1989] 215 $a13 pages $cdigital, PDF file 225 1 $aNASA technical memorandum ;$v101619 225 1 $aAVSCOM technical memorandum ;$v89-B-006 300 $aTitle from title screen (viewed Feb. 9, 2009) 300 $a"June 1989." 320 $aIncludes bibliographical references (page 6). 606 $aComposite materials 606 $aCompression tests$2nasat 606 $aDeflection$2nasat 606 $aFailure analysis$2nasat 606 $aGraphite-epoxy composites$2nasat 606 $aScaling laws$2nasat 615 0$aComposite materials. 615 7$aCompression tests. 615 7$aDeflection. 615 7$aFailure analysis. 615 7$aGraphite-epoxy composites. 615 7$aScaling laws. 700 $aJackson$b Karen E$01397963 701 $aFasanella$b Edwin L$01418620 712 02$aLangley Research Center. 712 02$aUnited States.$bArmy Aviation Research and Technology Activity. 801 0$bGPO 801 1$bGPO 906 $aBOOK 912 $a9910698070503321 996 $aScaling effects in the static large defelction response of graphite-epoxy composite beams$93546971 997 $aUNINA LEADER 01226nam2 22003133i 450 001 UFI0309854 005 20251003044429.0 100 $a20090223d1997 ||||0itac50 ba 101 | $aeng 102 $acn 181 1$6z01$ai $bxxxe 182 1$6z01$an 200 0 $a2 210 $aShanghai$cTongji university press$d1997 215 $aXII, P. 369-695$d29 cm. 461 1$1001UFI0309786$12001 $aAir conditioning in high rise buildings '97$eInternational symposium$eproceedings Shangai Sept. 9-12, 1997 $fedited by Symposium organizing committee$v2 606 $aImpianti per aria condizionata$xCongressi$x1997$2FIR$3CFIC094930$9I 676 $a697.9$9Aerazione e condizionamento d'aria$v14 676 $a697.93$9Ingegneria del condizionamento d'aria$v20 696 $aConvegni$aCongressi e convegni 699 $aCongressi$yConvegni 699 $aCongressi$yCongressi e convegni 801 3$aIT$bIT-000000$c20090223 850 $aIT-BN0095 912 $aUFI0309854 950 2$aBiblioteca Centralizzata di Ateneo$cv. 1-2$d 01SALA DING 697.9 AIRCIH$e 0102 0000035805 VMA A4(0002 v. 2$fY $h20010211$i20010211 977 $a 01 996 $a2$961340 997 $aUNISANNIO